000 00720cam a2200217 4500
001 X113550
008 000000n2001 000 0 eng u
035 _a(Sirsi) u113550
100 _aRoss, K.
245 4 _aThe future for prefabrication
260 _c2001
490 _aConstruction News
_v(6722) 28 June 2001, 26-27(2)
520 _aA "Construction News" Briefing looking at the driving forces behind the move towards prefabrication, its applications, advantages and disadvantages.
650 _aEGAN REFORMS
650 _aMODULAR BUILDING
650 _aPREFABRICATED BUILDINGS
650 _aPREFABRICATION
650 _aSKILLS SHORTAGES
690 _aBUILT ENVIRONMENT-CONSTRUCTION DESIGN
942 _n0
999 _c67642
_d67642